<?xml version="1.0" encoding="UTF-8"?>
<record
    xmlns:xsi="http://www.w3.org/2001/XMLSchema-instance"
    xsi:schemaLocation="http://www.loc.gov/MARC21/slim http://www.loc.gov/standards/marcxml/schema/MARC21slim.xsd"
    xmlns="http://www.loc.gov/MARC21/slim">

  <leader>00988nam a22002295i 4500</leader>
  <controlfield tag="001">166696</controlfield>
  <controlfield tag="003">ES-MaACL</controlfield>
  <controlfield tag="005">20250806063135.0</controlfield>
  <controlfield tag="008">990625s1877    sp           |||| | spa d</controlfield>
  <datafield tag="040" ind1=" " ind2=" ">
    <subfield code="a">CCPB | B </subfield>
    <subfield code="b">spa </subfield>
    <subfield code="c">CCPB | B</subfield>
  </datafield>
  <datafield tag="080" ind1=" " ind2=" ">
    <subfield code="a">73.035</subfield>
  </datafield>
  <datafield tag="100" ind1="1" ind2=" ">
    <subfield code="a">Tubino, Francisco Mar&#xED;a,</subfield>
    <subfield code="d">1833-1888</subfield>
    <subfield code="9">111620</subfield>
  </datafield>
  <datafield tag="245" ind1="1" ind2="3">
    <subfield code="a">La escultura contemporanea </subfield>
    <subfield code="b">: Discursos le&#xED;dos ante la Real Academia de Nobles Artes de San Fernando en la recepci&#xF3;n p&#xFA;blica del Se&#xF1;or Don Francisco M. Tubino.</subfield>
  </datafield>
  <datafield tag="260" ind1=" " ind2=" ">
    <subfield code="a">Madrid : </subfield>
    <subfield code="b">Administracion de La Academia, </subfield>
    <subfield code="c">1877.</subfield>
  </datafield>
  <datafield tag="300" ind1=" " ind2=" ">
    <subfield code="a">41 p. ; </subfield>
    <subfield code="c">25 cm.</subfield>
  </datafield>
  <datafield tag="505" ind1="8" ind2=" ">
    <subfield code="a">Discurso del ... Sr. Marqu&#xE9;s de Monistrol, p. 25-41</subfield>
  </datafield>
  <datafield tag="650" ind1=" " ind2="4">
    <subfield code="a">Escultura-</subfield>
    <subfield code="y">S.XIX.</subfield>
    <subfield code="9">148142</subfield>
  </datafield>
  <datafield tag="700" ind1="0" ind2=" ">
    <subfield code="a">Monistrol, Jos&#xE9; Mar&#xED;a Escriv&#xE1; de Roman&#xED; </subfield>
    <subfield code="c">, Marqu&#xE9;s de.</subfield>
    <subfield code="9">130060</subfield>
  </datafield>
  <datafield tag="710" ind1="2" ind2=" ">
    <subfield code="a">Real Academia de Bellas Artes de San Fernando.</subfield>
    <subfield code="9">6291</subfield>
  </datafield>
  <datafield tag="852" ind1=" " ind2=" ">
    <subfield code="a">ES-MaACL</subfield>
    <subfield code="j">F-M-III-N(II) </subfield>
    <subfield code="z">-- Enc. pasta espa&#xF1;ola </subfield>
    <subfield code="z">-- Enc. en un vol. facticio</subfield>
  </datafield>
  <datafield tag="999" ind1=" " ind2=" ">
    <subfield code="c">166696</subfield>
    <subfield code="d">166696</subfield>
  </datafield>
  <datafield tag="952" ind1=" " ind2=" ">
    <subfield code="0">0</subfield>
    <subfield code="1">0</subfield>
    <subfield code="4">0</subfield>
    <subfield code="7">0</subfield>
    <subfield code="8">LIBXIX</subfield>
    <subfield code="a">ATENEOM</subfield>
    <subfield code="b">ATENEOM</subfield>
    <subfield code="c">ADM</subfield>
    <subfield code="d">2008-01-17</subfield>
    <subfield code="e">SSC</subfield>
    <subfield code="l">0</subfield>
    <subfield code="o">F-M-III-N(II)</subfield>
    <subfield code="p">1174829</subfield>
    <subfield code="r">2023-02-23 00:00:00</subfield>
    <subfield code="w">2023-02-23</subfield>
    <subfield code="y">MONANT</subfield>
  </datafield>
</record>
